|
|
|
|
| LEADER |
00000cam a2200000 a 4500 |
| 001 |
vtls010191309 |
| 003 |
SK-MaSNL |
| 005 |
20260302045002.0 |
| 008 |
240318s2010 xo dal d p 000 0 slo |
| 015 |
|
|
|a SNBA2011/02-00788
|
| 020 |
|
|
|a 9788022821643
|q (brož.)
|
| 035 |
|
|
|a 3A092F99-EA59-4D07-B38F-7F18AFE9000F
|
| 035 |
|
|
|a urn:nbn:sk:snk-amk1b1
|
| 035 |
|
|
|a urn:nbn:sk:snk-am0087d6
|
| 040 |
|
|
|a SNK
|b slo
|c SNK
|e AACR2
|
| 041 |
0 |
|
|a slo
|
| 044 |
|
|
|a xo
|c SK
|
| 072 |
|
7 |
|a 630
|x Lesníctvo
|2 konspekt
|
| 072 |
|
7 |
|a 37.016
|x Učebné osnovy. Vyučovacie predmety. Učebnice
|2 konspekt
|
| 080 |
|
|
|a 581.55
|2 2001
|
| 080 |
|
|
|a 630.1
|2 2001
|
| 080 |
|
|
|a (075.8)
|2 2001
|
| 100 |
1 |
|
|a Križová, Eva,
|d 1944-
|4 aut
|9 207641
|
| 245 |
1 |
0 |
|a Fytocenológia a lesnícka typológia
|c Eva Križová, Karol Ujházy, Jural Nič
|
| 250 |
|
|
|a 2. preprac. vyd.
|
| 260 |
|
|
|a Vo Zvolene
|b Technická univerzita
|c 2010
|
| 300 |
|
|
|a 191 s.
|b grafy, ilustr., tab.
|c 30 cm
|
| 366 |
|
|
|e 300 výt.
|
| 504 |
|
|
|a Bibliogr. s. 188-191. Terminologický slovník
|
| 650 |
0 |
7 |
|a fytocenológia
|2 SNKPH
|9 66740
|
| 650 |
0 |
7 |
|a lesnícka typológia
|2 SNKPH
|9 207329
|
| 650 |
0 |
7 |
|a Phytocenology
|2 SNKPHeng
|9 266998
|
| 650 |
0 |
7 |
|a Forest typology
|2 SNKPHeng
|9 413200
|
| 655 |
|
7 |
|a učebnice vysokých škôl
|2 SNKPH
|9 70191
|
| 655 |
|
7 |
|a Textbooks (higher)
|2 SNKPHeng
|9 276436
|
| 700 |
1 |
|
|a Ujházy, Karol,
|d 1968-
|4 aut
|9 206423
|
| 700 |
1 |
|
|a Nič, Juraj,
|d 1952-
|4 aut
|9 131202
|
| 852 |
|
|
|a Štátna vedecká knižnica v Banskej Bystrici
|
| 919 |
|
|
|a 978-80-228-2164-3
|
| 958 |
|
|
|a OND
|
| 958 |
|
|
|a NB
|
| 968 |
|
|
|d 56/59
|
| 999 |
|
|
|c 1091908
|d 1093838
|
| 952 |
|
|
|a SNK
|b SNK
|y PREZ
|7 0
|p 17A0678848
|o snkSB 80532
|i snk2010/25928
|8 0
|0 0
|1 0
|4 0
|d 2010-11-23
|f 1
|l 0
|r 2017-06-30 00:00:00
|w 2026-02-24
|
| 952 |
|
|
|a SNK
|b SNK
|y VYP
|7 0
|p 17A0678849
|o snkSB 80532 D1
|i snk2010/25930
|8 0
|0 0
|1 0
|4 0
|d 2010-11-23
|l 0
|r 2016-06-30 00:00:00
|w 2026-02-24
|